| 000 | 01890nam a22003498i 4500 | ||
|---|---|---|---|
| 999 |
_c5109 _d5109 |
||
| 001 | ocn1084629401 | ||
| 003 | OCoLC | ||
| 005 | 20250618140758.0 | ||
| 008 | 200311s2020 nyu d 000 1 eng d | ||
| 010 | _a2019002623 | ||
| 020 | _a9780593110591 | ||
| 040 |
_aDLC _beng _erda _cDLC _dOCLCO _dOCLCF _dBDX _dYDX _dZQP _dOCLCA _dOCL _dZGD _dRNL _dUWB _dILC _dOCLCO _dIUK _dNYP _dCaOL _dKH8 |
||
| 082 | _aFIC LU | ||
| 100 | 1 |
_aLu, Marie, _d1984- _eauthor. |
|
| 245 | 1 | 4 |
_aThe Kingdom of Back / _cMarie Lu. |
| 264 | 1 |
_aNew York : _bG. P. Putnam's Sons, _c[2020] |
|
| 264 | 4 | _c©2020. | |
| 300 |
_a313 pages : _c21 cm. |
||
| 336 |
_atext _btxt _2rdacontent. |
||
| 337 |
_aunmediated _bn _2rdamedia. |
||
| 338 |
_avolume _bnc _2rdacarrier. |
||
| 500 | _aMaps on endpapers.. | ||
| 520 | _aBorn with a gift for music, Nannerl Mozart has just one wish: to be remembered forever. She delights audiences with her masterful playing, but has little hope she'll ever become the acclaimed composer she longs to be. She is a young woman in 18th century Europe, and that means composing is forbidden to her. She will perform only until she reaches a marriageable age-- her tyrannical father has made that much clear. Meanwhile the talents of her beloved younger brother, Wolfgang, shine brighter. His brilliance begins to eclipse her own, until one day a mysterious stranger from a magical land appears with an irresistible offer. He has the power to make her wish come true-- but his help may cost her everything. -- adapted from jacket. | ||
| 600 | 1 | 0 |
_aBerchtold zu Sonnenburg, Maria Anna Mozart, _cReichsfreiin von, _d1751-1829 _vFiction. |
| 600 | 1 | 0 |
_aMozart, Wolfgang Amadeus, _d1756-1791 _vFiction. |
| 600 | 1 | 0 |
_aMozart, Leopold, _d1719-1787 _vFiction. |
| 650 | 0 |
_aMusicians _vFiction. |
|
| 650 | 0 |
_aSiblings _vFiction. |
|
| 650 | 0 |
_aMagic _vFiction. |
|
| 650 | 7 |
_aFantasy fiction. _2genre. |
|
| 942 |
_2ddc _cFIC |
||